000
00335nam a2200145Ia 4500
008
230718s9999 xx 000 0 und d
041
_a
Eng.
082
_a
346.549
_b
D' -E
100
_a
D' SA , Rose M.
245
0
_a
European Community law
260
_a
Pakistan
_b
Sweet and
_c
1998
300
_a
472
650
_a
Law
999
_c
29491
_d
29491